000 00584nam a2200193Ia 4500
003 GCL
008 140319s9999 xx 000 0 ara d
040 _aGCL /
_cGCL
082 0 4 _a001.6404
_bد م
100 1 _aوليام س. ديفيز
245 1 0 _aمفاهيم الكمبيوتر الاساسية /
_cوليام س. ديفيز
260 _a[S.N] :
_bمؤسسة الابحاث اللغوية ،
_c1987
300 _a199 ص
490 _a
650 0 4 _aالحاسبات الالكترونية
650 0 4 _aالمدخلات
650 0 4 _aالمخرجات
942 _2ddc
_cBK
999 _c48813
_d48813